Statistics for Five Biggest Countries by Century

Click here to take the quiz!

General Stats

  • This quiz has been taken 1,073 times
  • The average score is 7 of 10

Answer Stats

YearCountry% Correct
2000Russia
99%
2000, 1900, 1800, 1700, 1600, 1500China
98%
2000, 1900, 1800United States
98%
2000, 1900Canada
94%
2000, 1900Brazil
90%
1800, 1700, 1600, 1500France
81%
1700, 1600, 1500Spain
76%
1800, 1700, 1600, 1500Mongolia
53%
1900Argentina
39%
1800, 1700, 1600, 1500Thailand
16%

Score Distribution

Percentile by Number Answered

Percent of People with Each Score

Your Score History

You have not taken this quiz